ARRUPE JESUIT UNIVERSITY

CORONAVIRUS -STOP THE SPREAD - CLEAN,DISINFECT,COVER

Kit Carson's autobiography (Record no. 123549)

MARC details
000 -LEADER
fixed length control field 00505nam a22001577a 4500
008 - FIXED-LENGTH DATA ELEMENTS--GENERAL INFORMATION
fixed length control field 151020b xxu||||| |||| 00| 0 eng d
050 ## - LIBRARY OF CONGRESS CALL NUMBER
Classification number F592.C3
100 ## - MAIN ENTRY--PERSONAL NAME
Personal name Carson, Christopher
9 (RLIN) 20349
245 ## - TITLE STATEMENT
Title Kit Carson's autobiography
Statement of responsibility, etc /by Christopher Carson
260 ## - PUBLICATION, DISTRIBUTION, ETC. (IMPRINT)
Place of publication, distribution, etc Chicago
Name of publisher, distributor, etc The Lakeside Press
Date of publication, distribution, etc 1935
300 ## - PHYSICAL DESCRIPTION
Extent 192p. ;
Dimensions 18cm.
440 ## - SERIES STATEMENT/ADDED ENTRY--TITLE
Title The Lakeside classics
9 (RLIN) 20350
650 ## - SUBJECT ADDED ENTRY--TOPICAL TERM
Source of heading or term Frontier and pioneer life - the west
700 ## - ADDED ENTRY--PERSONAL NAME
Personal name Quaife, Milo Milton
9 (RLIN) 20351
Relator term ed.
942 ## - ADDED ENTRY ELEMENTS (KOHA)
Source of classification or shelving scheme Library of Congress Classification
Item type Monograph ( Printed materials)
Holdings
Withdrawn status Lost status Source of classification or shelving scheme Damaged status Not for loan Collection code Home library Current library Shelving location Date acquired Total Checkouts Full call number Barcode Date last seen Price effective from Koha item type
    Library of Congress Classification     Main Collection ARRUPE LIBRARY ARRUPE LIBRARY Main Collection 20/10/2015   F592.C3 46500005441 04/04/2018 20/10/2015 Monograph ( Printed materials)

 

Arrupe Library. PO Box MP320 Mt Pleasant, Harare, Zimbabwe
263 242 745411|librarian@aju.ac.zw